000
00258nam a2200109Ia 4500
008
220204s9999 xx 000 0 und d
082
_a
347.99
_b
KRI
245
0
_a
Our courts on trial
260
_a
Delhi
_b
B R
_c
1987
700
_a
Krishna Iyer, V R
942
_c
BK
999
_c
39685
_d
39685